Sociologická imaginace

Salvato in:
Dettagli Bibliografici
Autore principale: Mills, Charles Wright (Autore)
Natura: Libro
Lingua:ceco
Pubblicazione: Praha : Sociologické nakladatelství, 2002
Tags: Aggiungi Tag
Nessun Tag, puoi essere il primo ad aggiungerne!!

MARC

LEADER 00000nam a22000003a 4500
001 stu76572
005 20150617225754.5
008 020710s2002----xr------------------cze-d
020 |a 80-86429-04-0 
040 |a STU  |b slo 
041 0 |a cze 
044 |a xr 
080 |a 301 
080 |a 32 
100 1 |a Mills, Charles Wright  |4 aut 
245 1 |a Sociologická imaginace 
260 |a Praha :  |b Sociologické nakladatelství,  |c 2002 
300 |a 310 s 
500 |a prel. z amerického orig. 
996 |c V*47458/O-20895  |l VV21  |s P  |a 0  |w stu76572_0001